Countries That Touch the Mediterranean Sea - Statistics

General Stats
  • This quiz has been taken 38 times
  • The average score is 20 of 21
Answer Stats
Continent Country % Correct
Africa Algeria
100%
Europe Italy
100%
Africa Morocco
100%
Europe Spain
100%
Africa Tunisia
100%
Africa Egypt
97%
Europe France
97%
Africa Libya
97%
Asia Turkey
97%
Europe Albania
94%
Europe Croatia
94%
Asia Cyprus
94%
Europe Greece
94%
Europe Montenegro
94%
Europe Bosnia and Herzegovina
91%
Asia Israel
91%
Asia Lebanon
91%
Europe Malta
91%
Europe Monaco
91%
Asia Syria
86%
Europe Slovenia
83%
No matching quizzes found
Score Distribution
Percent of People with Each Score
Percentile by Number Answered
Your Score History
You have not taken this quiz